000 00410nam a22001697a 4500
005 20160624101215.0
008 160624b xxu||||| |||| 00| 0 eng d
020 _a81-219-2831-1
041 _aeng
082 _b9684
100 _aVerma, Dr. Shalini
_92055
245 _aWorld Power Made Handy
260 _bSultan Chand & Sons, New Delhi
_c2009
300 _a370
650 _aManagement
_9241
942 _cBK
999 _c3764
_d3763